[Event "16.Open Seefeld"]
[Site "Oesterreich / Seefeld"]
[Date "2005.09.25"]
[Round "9"]
[White "Stock, Juergen"]
[Black "Andreini, Gigliola"]
[Result "1-0"]
[WhiteElo "2031"]
[BlackElo "1600"]
[PlyCount "119"]
[EventDate "2005.09.17"]

1. d4 e6 2. c3 c5 3. e3 Nf6 4. Bd3 b6 5. f4 Bb7 6. Nf3 Be7 7. Nbd2 O-O 8. O-O
d5 9. Ne5 Nbd7 10. Qf3 Ne4 11. Nxe4 dxe4 12. Bxe4 Bxe4 13. Qxe4 Rc8 14. Nc6 Nf6
15. Qf3 Qc7 16. Nxe7+ Qxe7 17. Bd2 Rfd8 18. Be1 cxd4 19. exd4 Nd5 20. Qe4 Qd7
21. Bh4 Re8 22. Rae1 b5 23. a3 a5 24. Qd3 Rc4 25. Re5 f6 26. Re2 Rec8 27. Be1
Qe8 28. Bd2 R4c7 29. Rfe1 Re7 30. Qh3 Rc6 31. f5 e5 32. Qd3 Rcc7 33. dxe5 Qc6
34. exf6 Rxe2 35. Rxe2 Nxf6 36. Qd8+ Kf7 37. Re6 Qd7 38. Qxd7+ Rxd7 39. Bg5 Rd5
40. Bxf6 gxf6 41. g4 Rd1+ 42. Kf2 Rh1 43. Kg2 Rd1 44. Re2 Rd3 45. Rc2 Ke7 46.
b3 b4 47. axb4 axb4 48. cxb4 Rxb3 49. Rc7+ Kd6 50. Rxh7 Rxb4 51. Kg3 Rb3+ 52.
Kh4 Rc3 53. Ra7 Rc6 54. Kh5 Ke5 55. Re7+ Kd5 56. Kg6 Rc3 57. Kxf6 Rh3 58. Re2
Rh6+ 59. Kg7 Rh4 60. g5 1-0

[Event "16.Open Seefeld"]
[Site "Oesterreich / Seefeld"]
[Date "2005.09.25"]
[Round "9"]
[White "Schuetz, Robert"]
[Black "Osswald, Michael"]
[Result "0-1"]
[WhiteElo "1640"]
[BlackElo "2004"]
[PlyCount "62"]
[EventDate "2005.09.17"]

1. e4 e5 2. Nf3 Nc6 3. Bb5 a6 4. Ba4 b5 5. Bb3 Nf6 6. d3 d6 7. c3 Be7 8. Bg5
Bg4 9. Nbd2 Na5 10. Bc2 c5 11. Nf1 Nc6 12. Ne3 Bh5 13. O-O h6 14. Bh4 g5 15.
Bg3 Bg6 16. Qd2 g4 17. Ne1 h5 18. f3 h4 19. Bf2 g3 20. hxg3 hxg3 21. Bxg3 Nh5
22. Bh2 Bh4 23. Ng4 Bg3 24. f4 Qh4 25. Qd1 Bxh2+ 26. Nxh2 Nxf4 27. Nef3 Qg3 28.
Qd2 Bh5 29. Kh1 Bxf3 30. gxf3 Kd7 31. Qf2 Rxh2+ 0-1

[Event "16.Open Seefeld"]
[Site "Oesterreich / Seefeld"]
[Date "2005.09.25"]
[Round "9"]
[White "Brett, Digby"]
[Black "Creutzburg, Frank"]
[Result "1-0"]
[WhiteElo "1869"]
[BlackElo "1574"]
[PlyCount "41"]
[EventDate "2005.09.17"]

1. e4 c5 2. Nf3 Nc6 3. d4 cxd4 4. Nxd4 Nf6 5. Nc3 e5 6. Ndb5 d6 7. Bg5 a6 8.
Bxf6 gxf6 9. Na3 f5 10. exf5 Bxf5 11. Bd3 Qg5 12. Bxf5 Qxf5 13. Qd2 h5 14. Nc4
Nd4 15. Ne3 Bh6 16. Ncd5 Rc8 17. Qxd4 Bxe3 18. Qxe3 Rxc2 19. O-O Rg8 20. Rac1
Qg4 21. Nf6+ 1-0

[Event "16.Open Seefeld"]
[Site "Oesterreich / Seefeld"]
[Date "2005.09.25"]
[Round "9"]
[White "Pitts, Eamonn"]
[Black "Duric, Rajko"]
[Result "0-1"]
[WhiteElo "1355"]
[BlackElo "1867"]
[PlyCount "110"]
[EventDate "2005.09.17"]

1. e4 d6 2. d4 Nf6 3. Nc3 c6 4. Be2 Nbd7 5. g4 Qa5 6. Bd2 Qb6 7. g5 Ng8 8. Nf3
e5 9. d5 Ne7 10. Bc4 Qc7 11. Bb3 Nc5 12. dxc6 bxc6 13. Bc4 Rb8 14. b3 Bg4 15.
Qe2 Ne6 16. Bxe6 Bxe6 17. O-O-O Ng6 18. h4 Bg4 19. h5 Nf4 20. Bxf4 exf4 21. Qd3
Qe7 22. Rde1 Bxf3 23. Qxf3 Qxg5 24. e5 d5 25. e6 Bb4 26. Rhg1 Qf6 27. Kb2 O-O
28. Rg4 fxe6 29. Reg1 Bxc3+ 30. Qxc3 Qxc3+ 31. Kxc3 Rb7 32. Kd4 Rf5 33. Kc5
Rbf7 34. Kxc6 Rxh5 35. Kd6 Rh6 36. Ke5 Rhf6 37. a4 g6 38. Kd4 Rc7 39. Ke5 Kf7
40. Rc1 Ke7 41. f3 Rc3 42. Rxf4 Rxf4 43. Kxf4 Kf6 44. Kg3 a5 45. Rh1 h5 46. Rh2
e5 47. Rf2 e4 48. Kg2 e3 49. Re2 d4 50. f4 Kf5 51. Kf3 h4 52. Rg2 e2+ 53. Kxe2
Rxc2+ 54. Kf1 Rxg2 55. Kxg2 d3 0-1

[Event "16.Open Seefeld"]
[Site "Oesterreich / Seefeld"]
[Date "2005.09.25"]
[Round "9"]
[White "Michel, Jan"]
[Black "Loew, Bernd"]
[Result "0-1"]
[WhiteElo "1454"]
[BlackElo "1548"]
[PlyCount "56"]
[EventDate "2005.09.17"]

1. d4 b6 2. e4 Bb7 3. Nc3 Nf6 4. f3 e6 5. a3 c5 6. Bf4 cxd4 7. Nb5 d6 8. Bg5 e5
9. a4 a6 10. Na3 Be7 11. Bd3 Nc6 12. c3 dxc3 13. bxc3 O-O 14. Ne2 Rc8 15. O-O
Nd7 16. Bd2 Na5 17. Ng3 Nc5 18. Bc2 d5 19. exd5 Bxd5 20. Nf5 Ncb3 21. Bxb3 Nxb3
22. Nc2 Nxa1 23. Qxa1 Bc5+ 24. Kh1 Be6 25. Rd1 Bxf5 26. Ne1 Qc7 27. Bg5 f6 28.
Qa2+ Qf7 0-1

[Event "16.Open Seefeld"]
[Site "Oesterreich / Seefeld"]
[Date "2005.09.25"]
[Round "9"]
[White "Egger, Herbert"]
[Black "Thonig, Manfred"]
[Result "1-0"]
[WhiteElo "1584"]
[BlackElo "1913"]
[PlyCount "139"]
[EventDate "2005.09.17"]

1. e4 g6 2. d4 Bg7 3. Nf3 c6 4. Be2 d5 5. e5 f6 6. Bf4 Nd7 7. O-O g5 8. exf6
exf6 9. Be3 Nf8 10. h3 Be6 11. Nbd2 Qd7 12. Nb3 b6 13. Ne1 Bxh3 14. Bh5+ Ng6
15. gxh3 Qxh3 16. Bg4 Qh6 17. Ng2 Bf8 18. Qe2 N8e7 19. Bd2 Nf4 20. Bxf4 gxf4
21. Qe6 Rd8 22. Nxf4 Qg5 23. Nh3 Qg7 24. Kh2 h5 25. Bf5 Qf7 26. Qxf7+ Kxf7 27.
Bd3 Bh6 28. Be2 Bg5 29. c4 Ng8 30. cxd5 cxd5 31. f4 Bh4 32. Rac1 Rd7 33. Nd2
Re7 34. Bf3 Kg6 35. Rg1+ Kf5 36. Bxd5 Re2+ 37. Rg2 Rxg2+ 38. Kxg2 Ne7 39. Be4+
Ke6 40. f5+ Kd7 41. Kf3 Rg8 42. Nf1 Rg4 43. Rd1 Kd6 44. Nf4 Rg1 45. Nxh5 Ng8
46. Nf4 Nh6 47. Ng2 Bg5 48. Kf2 Rh1 49. Nge3 Rh4 50. Nc4+ Kd7 51. Ng3 Rf4+ 52.
Kg2 Ng4 53. Bf3 Nh6 54. Ne3 Rh4 55. Nef1 Kd6 56. Ne4+ Kd7 57. Nxg5 fxg5 58. Ng3
g4 59. Be4 Nf7 60. Rc1 Rh6 61. Ne2 Nd6 62. Bc6+ Ke7 63. Ng3 b5 64. b3 a6 65.
Bd5 Rf6 66. Be6 Ne8 67. Rc6 a5 68. d5 Nd6 69. Rc7+ Kd8 70. Rd7+ 1-0

[Event "16.Open Seefeld"]
[Site "Oesterreich / Seefeld"]
[Date "2005.09.25"]
[Round "9"]
[White "Disselberger, Alfons"]
[Black "Dalla Santa, Odile"]
[Result "1/2-1/2"]
[WhiteElo "1290"]
[BlackElo "1120"]
[PlyCount "123"]
[EventDate "2005.09.17"]

1. e4 c5 2. Nf3 d6 3. Bb5+ Bd7 4. Bc4 e6 5. O-O g6 6. d4 Bg7 7. dxc5 dxc5 8. e5
Nc6 9. Qe2 Nge7 10. Bg5 O-O 11. Bf6 Rc8 12. b3 Bxf6 13. exf6 Nd4 14. Nxd4 cxd4
15. fxe7 Qxe7 16. Nd2 e5 17. Qd3 Bf5 18. Ne4 Kg7 19. f3 g5 20. g4 Be6 21. Bxe6
Qxe6 22. Rac1 h6 23. c3 Rcd8 24. c4 Qc6 25. c5 Qe6 26. Rc2 Qa6 27. Qxa6 bxa6
28. c6 d3 29. Rd2 Kg6 30. c7 Rd7 31. Rc1 Rc8 32. Kf2 Rcxc7 33. Rxc7 Rxc7 34.
Rxd3 Rc2+ 35. Rd2 Rc1 36. Kg2 f5 37. gxf5+ Kxf5 38. Nf2 h5 39. h3 Re1 40. Nh1
Kf4 41. Nf2 Rc1 42. Nd3+ Ke3 43. Nxc1 Kxd2 44. Kf2 Kxc1 45. Ke3 Kb2 46. Ke4
Kxa2 47. Kxe5 Kxb3 48. Kf5 a5 49. Kxg5 Kc3 50. f4 a4 51. f5 a3 52. f6 a2 53. f7
a1=Q 54. f8=Q Qa5+ 55. Kh4 Qb4+ 56. Qxb4+ Kxb4 57. Kxh5 a5 58. Kg6 a4 59. h4 a3
60. h5 a2 61. h6 a1=Q 62. h7 1/2-1/2